000 00905nam a22003017i 4500
003 EG-GICUC
005 20260210222938.0
008 260210s1986 fr ||||fr|||| 000 0 fre d
020 _a2233001648
040 _aEG-GiCUC
_bfre
_cEG-GiCUC
_dEG-GiCUC
_eRda
082 0 4 _221
_a341.23
_bNA
092 0 4 _221
099 _aLaw1 11 341.23 NA 1986
245 0 4 _aLes Nations Unies Et Le Droit International Économique /
_c
_n
264 1 _aparis :
_bÉditions a. Pedone,
_c1986.
300 _a383page :
_billustration ;
_c 24 cm.
336 _2rda contenu
_a texte
337 _2rda medias
_aOrdinateur
338 _2 transporteur rda
_a Ressource en ligne
500 _a
504 _a
546 _aTexte en français
650 1 4 _aDroit international public
_2
651 1 _2
856 4 0 _uhttps://fll.law.cu.edu.eg/fulltext/bks/B11-07490.pdf
905 _a50
942 _2ddc
_cBK
_e21
_n0
999 _c62520
_d62520